Города Великобритании - Армагеддон - Statistics

General Stats
  • This quiz has been taken 569 times
  • The average score is 9 of 25
Answers on the Grid
Answers color-coded by a green-red scale on the quiz's grid according to % correct below.
Лондон
Дублин
Манчестер
Ливерпуль
Веллингтон
Эдинбург
Сидней
Глазго
Йорк
Оксфорд
Корк
Бристоль
Абердин
Окленд
Лидс
Аделаида
Шеффилд
Дарвин
Саскатун
Хобарт
Бирмингем
Белфаст
Канберра
Ноттингем
Брисбен
Стерлинг
Лимерик
Мельбурн
Кембридж
Торонто
Монреаль
Лестер
Кардифф
Данди
Голуэй
Портсмут
Квебек
Оттава
Ванкувер
Ковентри
Саутгемптон
Брадфорд
Калгари
Виннипег
Эдмонтон
Дерби
Крайстчерч
Суонси
 
Answer Stats
Answer % Correct
Лондон
92%
Ливерпуль
76%
Манчестер
67%
Оксфорд
61%
Эдинбург
49%
Йорк
48%
Глазго
41%
Бристоль
41%
Бирмингем
41%
Кембридж
36%
Шеффилд
33%
Ноттингем
33%
Лидс
29%
Кардифф
29%
Лестер
28%
Саутгемптон
25%
Белфаст
24%
Дерби
24%
Ковентри
22%
Портсмут
20%
Абердин
18%
Брадфорд
18%
Суонси
17%
Стерлинг
13%
Данди
10%
No matching quizzes found
Score Distribution
Percent of People with Each Score
Percentile by Number Answered
Your Score History
You have not taken this quiz